Drosseľnoregulirujuščaja armatura v energetike

Gespeichert in:
Bibliographische Detailangaben
Hauptverfasser: Blagov, Eduard Jevgenevič (Verfasst von), Ivnickij, Boris Jakovlevič (Verfasst von)
Format: Buch
Sprache:Russisch
Veröffentlicht: Moskva : Energija, 1974
Schlagworte:
Tags: Tag hinzufügen
Keine Tags, Fügen Sie das erste Tag hinzu!

MARC

LEADER 00000nam a22000003a 4500
001 stu85441
005 20150617225632.9
008 040330s1974----xxr-----------------rus-d
040 |a STU  |b slo 
041 0 |a rus 
044 |a xxr 
080 |a 621.183 
100 1 |a Blagov, Eduard Jevgenevič  |4 aut 
245 1 |a Drosseľnoregulirujuščaja armatura v energetike 
260 |a Moskva :  |b Energija,  |c 1974 
300 |a 263 s 
650 7 |a príslušenstvo kotlov  |2 stusub 
700 1 |a Ivnickij, Boris Jakovlevič  |4 aut 
996 |b 284J020310  |c J*43920  |l JJSK  |s A  |a 24  |w stu85441_0001